Statistics for Resident Evil Franchise

Click here to take the quiz!

General Stats

  • This quiz has been taken 15 times
  • The average score is 28 of 65

Answer Stats

Type Year Name Info % Correct
Video Game1996Resident EvilCapcom / Virgin Interactive / Sega / Nintendo
100%
Novel1997Resident Evil: The BookHiroyuki Ariga
100%
Video Game1998Resident Evil 2Capcom / Virgin Interactive / Tsukuda Original / Nintendo / Tiger Electronics
100%
Video Game2012Resident Evil 6Capcom
100%
Video Game2009Resident Evil 5Capcom
100%
Comic Series1998-2001Resident Evil: The Official Comic MagazineImage Comics
100%
Video Game1999Resident Evil 3: NemesisCapcom / Eidos Interactive / Virgin Interactive / Nintendo
100%
Video Game2005Resident Evil 4Capcom / Nintendo / Ubisoft / Nintendo
100%
Video Game2020Resident Evil 3Capcom
92%
Video Game2017Resident Evil 7: BiohazardCapcom
85%
Video Game2000Resident Evil - Code: VeronicaCapcom / Eidos Interactive / Nintendo
69%
Video Game2015Resident Evil: Revelations 2Capcom
69%
Video Game2012Resident Evil: RevelationsCapcom
69%
Novel2003Resident Evil: Code VeronicaS. D. Perry
69%
Video Game2002Resident Evil ZeroCapcom
62%
Video Game2012Resident Evil: Operation Raccoon CityCapcom
54%
Video Game2003Resident Evil OutbreakCapcom
54%
Video Game2007Resident Evil: The Umbrella ChroniclesCapcom
54%
Film2004Resident Evil: ApocalypseConstantin Film / Metropolitan Filmexport / Alliance Atlantis / Sony
46%
Film2017Resident Evil: VendettaKadokawa
46%
Video Game2009Resident Evil: The Darkside ChroniclesCapcom
46%
Film2016Resident Evil: The Final ChapterScreen Gems
38%
Film2010Resident Evil: AfterlifeScreen Gems
38%
Video Game2000Resident Evil SurvivorCapcom / Eidos Interactive
38%
Film2007Resident Evil: ExtinctionSony
38%
Video Game2008Resident Evil: DegenerationCapcom
38%
Video Game2003Resident Evil: Dead AimCapcom
38%
Video Game Expansion Pack2004Resident Evil Outbreak: File #2Capcom
31%
Video Game2001Resident Evil GaidenVirgin Interactive / Capcom
31%
Film2012Resident Evil: DamnationSony
31%
Film2012Resident Evil: RetributionScreen Gems
31%
Novel2000Resident Evil: NemesisS. D. Perry
23%
Video Game2016Umbrella CorpsCapcom
23%
Novel1999Resident Evil: UnderworldS. D. Perry
8%
Video Game2011Resident Evil: The Mercenaries 3DCapcom
8%
Novel1998Resident Evil: The Umbrella ConspiracyS. D. Perry
8%
Video Game2002Resident Evil Assault The NightmareCapcom
0%
Film2000Biohazard 4-D-ExecuterDigital Amuse
0%
Comic Series2015-2017Biohazard: Heavenly IslandWeekly Shonen Champion
0%
Video Game2001Resident Evil Zombie BusterCapcom
0%
Comic Mini-Series2014-2015Resident Evil: The Marhawa DesireViz Media
0%
Video Game2011Resident Evil Outbreak SurviveCapcom
0%
Novel2002Biohazard: to the LibertySuiren Kimura
0%
Novel2004Resident Evil: GenesisKeith DeCandido
0%
Video Game2011Resident Evil: Mercenaries Vs.Capcom
0%
Novel2002Biohazard: Rose BlankTadashi Aizawa
0%
Video Game2009Resident Evil: UprisingCapcom
0%
Novel1998Resident Evil: Caliban CoveS. D. Perry
0%
Comic Mini-Series2008Resident Evil: Fire and IceWildStorm
0%
Video Game2003Resident Evil: The MissionsCapcom
0%
Video Game2004Resident Evil: Confidential ReportCapcom
0%
Novel1999Resident Evil: City of the DeadS. D. Perry
0%
Novel2004Resident Evil: Zero HourS. D. Perry
0%

Score Distribution

Percentile by Number Answered

Percent of People with Each Score

Your Score History

You have not taken this quiz